| 000 | 00448nam a2200181Ia 4500 | ||
|---|---|---|---|
| 008 | 170705s9999 xx 000 0 und d | ||
| 020 | _a9780439206365 | ||
| 245 | _aButterflies / | ||
| 245 | _cKaren Shapiro ; illustrated by Jean Cassels. | ||
| 260 | _aNew York : | ||
| 260 | _bScholastic, | ||
| 260 | _c2001 | ||
| 300 | _a31 pages : | ||
| 300 | _bcolor illustration ; | ||
| 300 | _c23cm. | ||
| 440 | _aScholastic reader. | ||
| 500 | _a190 | ||
| 999 |
_c335319 _d335319 |
||